Statistics for Factors of 360 in 1 minute

Click here to take the quiz!

General Stats

  • This quiz has been taken 3,707 times
  • The average score is 20 of 24

Answer Stats

ANSWER% Correct
1
100%
3
100%
2
99%
4
99%
6
99%
12
97%
36
97%
9
97%
18
96%
5
96%
10
94%
8
93%
360
91%
180
87%
90
80%
120
79%
15
78%
60
73%
20
69%
30
62%
40
62%
72
45%
45
44%
24
41%

Score Distribution

Percentile by Number Answered

Percent of People with Each Score

Your Score History

You have not taken this quiz